000 00434nam a2200193Ia 4500
005 20250423095412.0
008 250422s9999 xx 000 0 und d
020 _a0131979213
050 _aQA 37.3 .C76/
100 _aCroft, Anthony
245 0 _aFoundation maths
250 _a4th ed.
260 _aEssex
260 _bPearson Education, Inc.
260 _c2006
300 _a523 p
650 _aMathematics
942 _cBK
999 _c30164
_d30164